Vaticinios de la pérdida de las Indias / (Record no. 184602)

MARC details
000 -LEADER
campo de control de longitud fija 00977nam a2200193 i 4500
001 - NÚMERO DE CONTROL
campo de control 184602
003 - IDENTIFICADOR DE NÚMERO DE CONTROL
campo de control ES-MaACL
005 - FECHA Y HORA DE LA ÚLTIMA TRANSACCIÓN
campo de control 20250815025707.0
008 - DATOS DE LONGITUD FIJA--INFORMACIÓN GENERAL
campo de control de longitud fija 151027s1899 sp |||| | spa d
100 1# - ENTRADA PRINCIPAL--NOMBRE DE PERSONA
Nombre de persona Fernández de Villalobos, Gabriel
Títulos y otros términos asociados al nombre Marqués de Varinas.
9 (RLIN) 158022
245 10 - MENCIÓN DEL TÍTULO
Título Vaticinios de la pérdida de las Indias /
Mención de responsabilidad, etc. Gabriel Fernández de Villalobos.
260 ## - PUBLICACIÓN, DISTRIBUCIÓN, ETC.
Lugar de publicación, distribución, etc. Madrid :
Nombre del editor, distribuidor, etc. [s.n.],
Fecha de publicación, distribución, etc. 1899 (
Fabricante Sucesores de Rivadeneyra)
300 ## - DESCRIPCIÓN FÍSICA
Extensión 402 p. ;
Dimensiones 23 cm.
490 1# - MENCIÓN DE SERIE
Mención de serie Colección de documentos inéditos relativos al descubrimiento, conquista y organización de las antiguas posesiones españolas de ultramar. Segunda serie / publicada por la Real Academia de la Historia ;
Designación de volumen o secuencia 12
710 2# - ENTRADA AGREGADA--NOMBRE DE ENTIDAD CORPORATIVA
Nombre de entidad corporativa o nombre de jurisdicción como elemento de entrada Real Academia de la Historia (España)
9 (RLIN) 6309
830 00 - PUNTO DE ACCESO ADICIONAL DE SERIE-TÍTULO UNIFORME
Título uniforme Colección de documentos inéditos relativos al descubrimiento, conquista y organización de las antiguas posesiones de Ultramar
Designación de volumen o secuencia 12
9 (RLIN) 241781
852 ## - LOCALIZACIÓN
Ubicación ES-MaACL
Número de control de estantería C-1973
Holdings
Estatus retirado Estado de pérdida Estado de daño No para préstamo Colección Biblioteca de origen Biblioteca actual Ubicación en estantería Fecha de adquisición Fuente de adquisición Total de préstamos Signatura topográfica completa Código de barras Visto por última vez Precio de reemplazo Tipo de ítem Koha
        Libros del s. XIX Biblioteca del Ateneo de Madrid Biblioteca del Ateneo de Madrid Sala Palomar 27/10/2015     C-1973 1194357 23/02/2023 23/02/2023 Libro impreso antiguo